| 000 | 01008nam0a22002531 4500 | ||
|---|---|---|---|
| 001 | rc\4864058 | ||
| 005 | 20250612195904.0 | ||
| 035 | _a(NLR Aleph) 008819883 | ||
| 090 |
_a8215256 _c8215257 |
||
| 100 | _a20130426d1968 |||y0rusy50 ca | ||
| 101 | 0 | _arus | |
| 102 | _aRU | ||
| 105 | _ay z ||||| | ||
| 200 | 1 |
_aЭкономическое обеспечение обороноспособности стран Варшавского договора _eВ помощь пропагандистам _fОрдена Красной Звезды Центр. дом Советской Армии им. М.В. Фрунзе |
|
| 210 |
_aМосква _cБ. и. _d1968 |
||
| 215 |
_a43 с. _d20 |
||
| 300 | _aПеред загл. авт.: канд. экон. наук, подполк. М.Я. Хитренко | ||
| 333 | _aПродаже не подлежит | ||
| 700 | 1 |
_aХитренко _bМ.Я. |
|
| 801 | 0 |
_aRU _bNLR _gpsbo |
|
| 801 | 1 |
_aRU _bELAR _2rusmarc |
|
| 852 |
_aNLR _j50К/15641 |
||
| 942 | _cBOOK | ||
| 980 | _aNB | ||